000 00701nam a2200217 a 4500
003 BLK
005 20250315104141.0
008 190404b bu ||||| |||| 00| 0 bu d
020 _a9786197369069
040 _aBLK
041 _aBUL
_cBUL
080 _aБългарска литература
_b821.163.2
_z821.163.2-94
100 _aДиков, Петър
_9492379
139 _bД 54
245 _aМалки софийски истории
_cПетър Диков
260 _9210840
_aСофия
_bМодерно изкуство
_c2024
300 _a480 л.
_c23 см
380 _aX
942 _cKNG
_n0
_05
999 _c509770
_d509770
944 _a30545
_cНора Радева
_k30576
_lЦветомила Тодорова